Do socialist countries suffer a common business cycle?

Analýza podstaty a vlastností ekonomickej fluktuácie plánovaných ekonomík vo východnej Európe. Výsledky a ich dôsledky pre budúci výskum.

Na minha lista:
Detalhes bibliográficos
Autor principal: Ickes, B.W
Formato: Capítulo de Livro
Idioma:inglês
Assuntos:
Tags: Adicionar Tag
Sem tags, seja o primeiro a adicionar uma tag!

MARC

LEADER 00000naa a2200000 4500
001 r005992
005 20220819193838.7
041 0 |a eng 
044 |a US 
245 1 0 |a Do socialist countries suffer a common business cycle?  |c B.W. Ickes 
520 |a Analýza podstaty a vlastností ekonomickej fluktuácie plánovaných ekonomík vo východnej Európe. Výsledky a ich dôsledky pre budúci výskum. 
610 2 0 |a cykly hospodárske 
610 2 0 |a obchod 
610 2 0 |a východná Európa 
610 2 0 |a tabuľky štatistické 
610 2 0 |a výskum ekonomický 
610 2 0 |a analýza ekonomická 
610 2 0 |a hospodárstvo plánované 
100 1 |a Ickes, B.W.